Pokémon - Rivaux - René/Barry (DE/PS) - Statistiques

Statistiques générales
  • Ce quiz a été pris 7 fois
  • Le résultat moyen est 377 sur 461
Statistiques - réponses
Hint Réponse % Correct
Niv 19
100%
Niv 20
100%
Niv 21
100%
Niv | Niv (Tortipouss) 26
100%
Niv | Niv (Ouisticram) 27
100%
Niv 31
100%
Niv 32
100%
Niv 7
100%
Niv 9
100%
Type Acier
100%
Capacités Aéropique
100%
Capacités Aqua-Jet
100%
Capacités Bec Vrille
100%
Boskara
100%
Capacités Boutefeu
100%
Talent Brasier
100%
Capacités Bulles d'O
100%
Capacités Charge
100%
Capacités Charme
100%
Chimpenfeu
100%
Type Combat
100%
Capacités Dard-Venin
100%
Type Eau
100%
Capacités Écras'Face
100%
Capacités Effort
100%
Talent Engrais
100%
Étouraptor
100%
Étourmi
100%
Étourvol
100%
Type Feu
100%
Talent Glissade
100%
Capacités Griffe
100%
Capacités Griffe Acier
100%
Capacités Groz'Yeux
100%
Capacités Hâte
100%
Talent Intimidation
100%
Capacités Mâchouille
100%
Capacités Mach Punch
100%
Capacités Méga-Sangsue
100%
Capacités Morsure
100%
Mustébouée
100%
Type Normal
100%
Ouisticram
100%
Capacités Picore
100%
Capacités Piège de Roc
100%
Pingoléon
100%
Capacités Pistolet à O
100%
Type Plante
100%
Capacités Plaquage
100%
Type Poison
100%
Ponyta
100%
Prinplouf
100%
Capacités Rapace
100%
Capacités Reflet
100%
Talent Regard Vif
100%
Capacités Repli
100%
Ronflex
100%
Rosélia
100%
Capacités Roue de Feu
100%
Capacités Rugissement
100%
Capacités Séisme
100%
Simiabraz
100%
Type Sol
100%
Capacités Surf
100%
Tiplouf
100%
Talent Torrent
100%
Torterra
100%
Tortipouss
100%
Capacités Tranch'Herbe
100%
Capacités Vampigraine
100%
Capacités Vive-Attaque
100%
Type Vol
100%
Capacités Vol-Vie
100%
Niv 33
80%
Niv 34
80%
Niv 37
80%
Niv 49
80%
Niv 51
80%
Niv 52
80%
Niv 55
80%
Niv 58
80%
Niv 59
80%
Niv 60
80%
Niv 64
80%
Niv (Revanche) 68
80%
Niv (Revanche) 69
80%
Niv (Revanche) 70
80%
Niv (Revanche) 74
80%
Capacités Acrobatie
80%
Capacités Ball'Ombre
80%
Capacités Bombe Beurk
80%
Capacités Close Combat
80%
Capacités Demi-Tour
80%
Talent Essaim
80%
Galopa
80%
Capacités Giga-Sangsue
80%
Talent Isograisse
80%
Capacités Luminocanon
80%
Capacités Malédiction
80%
Capacités Martobois
80%
Talent Médic Nature
80%
Capacités Mégacorne
80%
Capacités Météores
80%
Mustéflott
80%
Capacités Nœud Herbe
80%
Capacités Para-Spore
80%
Roserade
80%
Scarhino
80%
Talent Torche
80%
Cap (Tortipouss) | Capacités Ailes d'Acier
60%
Capacités Cascade
60%
Capacités Casse-Brique
60%
Capacités Cavalerie Lourde
60%
Capacités Crocs Givre
60%
Cap (Ouisticram) Danse Pluie
60%
Capacités Direct Toxik
60%
Capacités Éboulement
60%
Capacités Feuillemagik
60%
Objet Graine Miracle
60%
Capacités Griffe Ombre
60%
Type Insecte
60%
Capacités Marto-Poing
60%
Capacités Mimi-Queue
60%
Capacités Poing Feu
60%
Capacités Saumure
60%
Capacités Synthèse
60%
Capacités Toxik
60%
Capacités Balle Graine
40%
Objet Ceinture Force
40%
Objet Ceinture Pro
40%
Capacités Croissance
40%
Capacités Danse Lames
40%
Capacités Écrasement
40%
Objet Mouchoir Choix
40%
Capacités Nitrocharge
40%
Capacités Poing Boost
40%
Cap (Tiplouf) Zénith
40%
Capacités Abri
20%
Capacités Bluff
20%
Capacités Champ Herbu
20%
Talent Coque Armure
20%
Capacités Damoclès
20%
Capacités Dard-Nuée
20%
Objet Encens Mer
20%
Objet Grelot Coque
20%
Objet Grosse Racine
20%
Talent Impudence
20%
Capacités Larcin
20%
Talent Poing de Fer
20%
Objet Restes
20%
Objet Vive Griffe
20%
Talent Acharné
0%
Objet Baie Jouca
0%
Objet Baie Mago
0%
Capacités Bâillement
0%
Objet Boue Noire
0%
Capacités Escarmouche
0%
Talent Gloutonnerie
0%
Capacités Hurlement
0%
Capacités Implore
0%
Capacités Recyclage
0%
Aucun quiz correspondant
Distribution des résultats
% des personnes avec chaque résultat
Percentile par nombre de réponses
Votre historique - résultats
Vous n’avez pas pris ce quiz